000 01064nam a2200277 a 4500
001
003 DO-SdBNP
005 20210722103103.0
008 150408s1998 dr 000 0 spa d
040 _aBPMSU
_bspa
_cBPMSU
082 _a972.93054
_bD637u
_222
110 2 _aRepública Dominicana
_b Unión de Nacionalistas
245 1 0 _aDocumentos de la Unión Nacionalista :
_bun testimonio para la historia dominicana del 30 de marzo de 1992 al 27 de febrero de 1998.
260 _aSanto Domingo :
_bCollado,
_c1998.
300 _av. ;
_c22 cm.
500 _a
500 _aPerteneció a la biblioteca personal de Carmen Herrera
534 _aTítulo original :
_tUnión Nacionalista documentos del 30 de marzo de 1992 al 27 de febrero de 1998
_3
590 _6Inventariado, 2021/VM
610 4 _aUnión Nacionalista (República Dominicana)
650 4 _aMovimientos revolucionarios
_zRepública Dominicana
650 4 _aNacionalismo
_zRepública Dominicana
651 4 _aRepública Dominicana
_xHistoria
910 _aVMateo V
942 _2ddc
_cBK
999 _c13596
_d13596